[Event "Sparkassen Open A"]
[Site "Dortmund GER"]
[Date "2012.07.17"]
[Round "4.14"]
[White "Rueberg,J"]
[Black "Strathoff,M"]
[Result "0-1"]
[WhiteElo "2178"]
[BlackElo "2074"]

1.e4 c5 2.Nf3 d6 3.Bb5+ Nd7 4.d4 a6 5.Bxd7+ Bxd7 6.Be3 cxd4 7.Bxd4 Nf6 8.Nc3 Bc6
9.Bxf6 gxf6 10.Nd4 Qb6 11.Nxc6 bxc6 12.Qf3 Qxb2 13.Rb1 Qxc2 14.e5 d5 15.exf6 Bh6
16.O-O O-O 17.fxe7 Rfe8 18.Rb4 Bg7 19.Rg4 f5 20.Rg5 Kh8 21.Nd1 Rxe7 22.Ne3 Qe4
23.Qh3 f4 24.Nf5 Bf6 25.Rg4 Re6 26.g3 Rg8 27.Nh6 Rg7 28.Rxg7 Kxg7 29.Nf5+ Kg6
30.Qg4+ Bg5 31.Nd4 Rf6 32.Nf3 h6 33.h4 fxg3 34.h5+ Kg7 35.Qd7+ Rf7 36.Nxg5 hxg5
37.h6+ Kg6 38.Qd6+ Rf6 39.Qxg3 Rf4 40.h7 Kxh7 41.f3 Qe3+ 42.Kh2 Rh4+ 43.Kg2 Qf4
44.Re1 Qxg3+ 45.Kxg3 Kg7 46.Re7+ Kf6 47.Ra7 Ra4 48.Rc7 Rc4 49.Ra7 d4 50.Rxa6 Rc2
51.f4 Kf5 52.fxg5 Kxg5 53.Kf3 Kf5 54.Ra8 Rc3+ 55.Ke2 Ke4 56.Kd2 Rh3 57.Re8+ Kd5
58.Kc2 Kc4 59.a4 Rh2+ 60.Kb1 c5 61.a5 Rh6 62.Ra8 Kb5 63.Kc2 Ra6 64.Rh8 Kc4
65.Rh3 Rxa5 66.Kb2 Ra8 67.Rg3 Rf8 68.Rg2 Kb4 69.Rd2 Rf3 70.Ka2 Kc3 71.Rb2 c4
72.Rg2 d3 73.Rg1 Kc2 74.Rg2+ d2  0-1

[Event "5th Paleochora Open"]
[Site "Paleochora GRE"]
[Date "2012.07.17"]
[Round "2.29"]
[White "Stany,G"]
[Black "Dijkhuis,Tycho"]
[Result "1-0"]
[WhiteElo "2393"]
[BlackElo "2006"]

1.e4 c5 2.Nf3 d6 3.Bb5+ Bd7 4.Bxd7+ Qxd7 5.O-O Nf6 6.Re1 Nc6 7.c3 e6 8.d4 cxd4
9.cxd4 d5 10.e5 Ne4 11.Nbd2 Nxd2 12.Bxd2 Bb4 13.Rc1 Bxd2 14.Qxd2 O-O 15.Rc3 Rac8
16.Ng5 h6 17.Nh3 Ne7 18.Nf4 Rxc3 19.bxc3 Rc8 20.Nh5 Nf5 21.g4 Nh4 22.Re3 Qb5
23.f4 Qb1+ 24.Kf2 Rc6 25.Kg3 Ng6 26.Re1 Qb5 27.f5 exf5 28.gxf5 Ne7 29.f6 Nf5+
30.Kg4 g6 31.Ng3 Nxg3 32.hxg3 h5+ 33.Kh4 Kh7 34.g4 Qa5 35.gxh5 Qxc3 36.hxg6+ Kg8
37.gxf7+ Kxf7 38.e6+ Kxf6 39.Qg5+  1-0

[Event "ch-NED 2012"]
[Site "Amsterdam NED"]
[Date "2012.07.18"]
[Round "4"]
[White "Giri,A"]
[Black "Reinderman,D"]
[Result "1/2-1/2"]
[WhiteElo "2696"]
[BlackElo "2598"]

1.e4 c5 2.Nf3 d6 3.Bb5+ Nc6 4.Bxc6+ bxc6 5.e5 Bg4 6.h3 Bxf3 7.Qxf3 d5 8.e6 fxe6
9.O-O Qd6 10.d4 cxd4 11.Bf4 e5 12.Qh5+ g6 13.Qxe5 Qxe5 14.Bxe5 Nf6 15.Bxd4 Bh6
16.Nc3 Kf7 17.Na4 Rhe8 18.Rfe1 Nd7 19.f4 e6 20.b3 g5 21.fxg5  1/2-1/2

[Event "72nd ch-ITA S/F 2012"]
[Site "Civitanova Marche ITA"]
[Date "2012.07.18"]
[Round "5"]
[White "Franchini,G"]
[Black "Pipitone,A"]
[Result "1-0"]
[WhiteElo "2149"]
[BlackElo "1942"]

1.e4 c5 2.Nf3 d6 3.Bb5+ Bd7 4.Bxd7+ Qxd7 5.c4 Nc6 6.d4 cxd4 7.Nxd4 Nf6 8.Nc3 g6
9.O-O Bg7 10.Nde2 O-O 11.f3 Rac8 12.Be3 b6 13.Qd2 Rfd8 14.Rad1 h5 15.b3 Qb7
16.Bg5 a6 17.Nd5 Nxd5 18.cxd5 Na7 19.Be3 Rd7 20.Bd4 Bf8 21.f4 Bh6 22.Be3 Rdc7
23.f5 Rc2 24.Qd3 Bg7 25.fxg6 fxg6 26.e5 Rxe2 27.Qxe2 Bxe5 28.Qf2 Bf6 29.Bd4 Rf8
30.Bxf6 Rxf6 31.Qg3 Kg7 32.Rxf6 Kxf6 33.Rf1+ Kg7 34.Qf3 Qc8 35.Qf7+ Kh6 36.h4 Nb5
37.Qxe7 Qc5+ 38.Kh1 Qd4 39.Qg5+ Kg7 40.Qe7+ Kh6 41.Re1 Qf4 42.Qd8 Qd4 43.Qf8+ Qg7
44.Qf4+ Kh7 45.Qg5 Qf8 46.Re7+ Kh8 47.Rd7  1-0

[Event "Sparkassen Open A"]
[Site "Dortmund GER"]
[Date "2012.07.18"]
[Round "5.4"]
[White "Torres Kuckel,R"]
[Black "Sundorf,Jannik"]
[Result "1/2-1/2"]
[WhiteElo "2306"]
[BlackElo "2170"]

1.e4 c5 2.Nf3 d6 3.Bb5+ Bd7 4.Bxd7+ Qxd7 5.O-O Nf6 6.e5 dxe5 7.Nxe5 Qc7 8.d4 cxd4
9.Qxd4 Nc6 10.Nxc6 Qxc6 11.Bg5 e6 12.Bxf6 gxf6 13.Nc3 Rg8 14.Ne4 Rg6 15.Nxf6+ Ke7
16.Ne4 Ke8 17.Rad1 Bg7 18.Qb4 Bf8 19.Qd4 Bg7  1/2-1/2

[Event "Corporation Centre Cup A"]
[Site "Izhevsk RUS"]
[Date "2012.07.18"]
[Round "4.30"]
[White "Toropov,P"]
[Black "Sarana,A"]
[Result "1/2-1/2"]
[WhiteElo "2263"]
[BlackElo "2072"]

1.e4 c5 2.Nf3 d6 3.Bb5+ Bd7 4.Bxd7+ Qxd7 5.c4 Nf6 6.Nc3 g6 7.d4 cxd4 8.Nxd4 Bg7
9.f3 O-O 10.Be3 Nc6 11.O-O Rfc8 12.b3 Rab8 13.Qd2 Qc7 14.Rfd1 Qa5 15.Rab1 a6
16.a4 Nd7 17.Kh1 Qh5 18.Nde2 Qa5 19.b4 Qd8 20.c5 Nde5 21.Qa2 a5 22.bxa5 Qxa5
23.Rb5 Qa7 24.Nd5 dxc5 25.Bxc5 Qa6 26.Bxe7 Ra8 27.Rdb1 Nd3 28.Bh4 Be5 29.f4 Bg7
30.Qd2 g5 31.Qxd3 gxh4 32.h3 Qxa4 33.Nb6 Rd8 34.Qxd8+ Nxd8 35.Nxa4 Rxa4 36.R5b4 Ra2
37.Nd4 Bxd4 38.Rxd4 Ne6 39.Rd5 Nxf4 40.Rg5+ Kf8 41.Rg4 Ng6 42.Rxb7 Ra5 43.Rb6 h5
44.Rbxg6 fxg6 45.Rxh4 Ke7 46.Kh2 Kf6 47.Rf4+ Ke5 48.Kg3 Ra4  1/2-1/2

[Event "Corporation Centre Cup A"]
[Site "Izhevsk RUS"]
[Date "2012.07.18"]
[Round "4.4"]
[White "Bezgodov,A"]
[Black "Kokarev,Dm"]
[Result "1/2-1/2"]
[WhiteElo "2508"]
[BlackElo "2616"]

1.e4 c5 2.Nf3 d6 3.Bb5+ Nd7 4.d4 cxd4 5.Qxd4 a6 6.Bxd7+ Bxd7 7.Bg5 h6 8.Bh4 Rc8
9.Nc3 e5 10.Qd3 g5 11.Bg3 Nf6 12.Nd2 Qa5 13.O-O b5 14.a4 b4 15.Nd1 Be7 16.Ne3 Be6
17.Rfd1 O-O 18.Nf5 Bxf5 19.exf5 Rc6 20.Nc4 Qc5 21.Ne3 Rfc8 22.Kh1 Qa7 23.f3 Qb7
24.Rd2 Rc5 25.Qe2 Kg7 26.b3 Rc3 27.Nd1 R3c6 28.Ne3 Rc3 29.Nd1 R3c6 30.Ne3 Rc3
31.Nd1  1/2-1/2

[Event "Turkish Bank Chess League 2012"]
[Site "Konya TUR"]
[Date "2012.07.18"]
[Round "8"]
[White "Kaya,E"]
[Black "Firat,Deniz"]
[Result "1/2-1/2"]
[WhiteElo "1992"]
[BlackElo "1657"]

1.e4 c5 2.Nf3 d6 3.Bb5+ Bd7 4.Bxd7+ Qxd7 5.c4 Nc6 6.d4 cxd4 7.Nxd4 Nf6 8.Nc3 e6
9.Be3 Be7 10.Rc1 O-O 11.f4 a6 12.O-O Rad8 13.Kh1 Nxd4 14.Qxd4 b5 15.cxb5 axb5
16.Rfd1 Qb7 17.a3 Rd7 18.Qb6 Rb8 19.Qxb7 Rdxb7 20.b4 Ra8 21.h3 Rxa3 22.e5 Ne8
23.exd6 Bxd6 24.Bc5 Bxc5 25.bxc5 Kf8 26.c6 Rb8 27.Ne4 Rc8 28.Nc5 Ke7 29.Rd7+ Kf6
30.Rb7 Nd6 31.Nd7+ Kf5 32.Kh2 Kxf4 33.Nb6 Rxc6 34.Rxf7+ Nxf7 35.Rxc6 e5 36.Nd5+ Kf5
37.Rb6 Rb3 38.Nc7 Ke4 39.Nxb5 Re3 40.Rb7 Nd8 41.Rxg7 Ne6 42.Rxh7 Nf4 43.h4 Kd3
44.Rg7 e4 45.Nd6 Re2 46.Rg4 Nh5 47.Rg5 Nf4 48.h5 e3 49.h6 Rf2 50.Rg3 Nh5
51.Rh3 Nf4 52.Rg3 Nh5 53.Rh3 Nf4 54.Rg3  1/2-1/2

[Event "Turkish Bank Chess League 2012"]
[Site "Konya TUR"]
[Date "2012.07.18"]
[Round "8"]
[White "Keler,F"]
[Black "Nyzhnyk,I"]
[Result "0-1"]
[WhiteElo "2238"]
[BlackElo "2599"]

1.e4 c5 2.Nf3 d6 3.Bb5+ Nc6 4.O-O Bd7 5.Re1 Nf6 6.c3 a6 7.Bf1 Bg4 8.d4 cxd4
9.cxd4 e5 10.d5 Nd4 11.Be3 Nxf3+ 12.gxf3 Bd7 13.Nd2 Be7 14.Nc4 O-O 15.Qb3 Bb5
16.Nb6 Bxf1 17.Nxa8 Bh3 18.Qxb7 Nd7 19.Nb6 Nc5 20.Bxc5 Bh4 21.f4 Qf6 22.Re3 Qg6+
23.Rg3 Bxg3 24.fxg3 Qxe4 25.Kf2 Qc2+  0-1

[Event "Turkish Bank Chess League 2012"]
[Site "Konya TUR"]
[Date "2012.07.18"]
[Round "9"]
[White "Eden,Y"]
[Black "Deruni,B"]
[Result "0-1"]
[WhiteElo "1754"]
[BlackElo "2123"]

1.e4 c5 2.Nf3 d6 3.Bb5+ Bd7 4.Bxd7+ Qxd7 5.O-O Nc6 6.c4 g6 7.Nc3 Bg7 8.Re1 e6
9.d3 Nge7 10.Bf4 Ne5 11.Rb1 O-O 12.Qe2 N7c6 13.a3 Rae8 14.Nxe5 dxe5 15.Be3 b6
16.b4 cxb4 17.axb4 f5 18.f3 Rf7 19.Red1 Bf8 20.b5 Nd4 21.Qf2 Bc5  0-1

[Event "16th Battle of Senta Open A"]
[Site "Senta SRB"]
[Date "2012.07.18"]
[Round "6.23"]
[White "Savic,Draga"]
[Black "Parnicki,Z"]
[Result "1/2-1/2"]
[WhiteElo "2174"]
[BlackElo "2194"]

1.e4 c5 2.Nf3 d6 3.Bb5+ Bd7 4.Bxd7+ Qxd7 5.O-O Nc6 6.c3 Nf6 7.Re1 e6 8.d4 Be7
9.h3 O-O 10.Bg5 cxd4 11.Nxd4 d5 12.Nxc6 bxc6 13.Nd2 h6 14.Bf4 Ne8 15.Nf3 Bd6
16.Bxd6 Nxd6 17.e5 Nf5 18.Qa4 Qb7 19.Rab1 c5 20.c4 Rab8 21.cxd5 exd5 22.e6 fxe6
23.Rxe6 Qf7 24.Re2 Rb4 25.Qc6 Rc4 26.Ne5 Nd4 27.Nxf7 Nxc6 28.Nd6 Rb4 29.Rc2 c4
30.Rd1 Ne7 31.Re2 Ng6 32.g3 Rfb8 33.Rxd5 Rxb2 34.Rxb2 Rxb2 35.Nxc4 Rxa2 36.h4 Ne7
37.Rb5 Kf7 38.Nd6+ Ke6 39.Ne4 Nd5 40.Rb7 g6 41.f3 a5 42.Ra7 Ke5 43.Nc5 Kd6
44.Rxa5 Rxa5 45.Nb7+ Kc6 46.Nxa5+ Kb5 47.Nb3 Kc4 48.Nc1 Kd4 49.Kf2 h5 50.Ne2+ Kd3
51.Ng1 Ne3 52.f4 Ke4 53.Ne2 Nd1+ 54.Kg2 Ne3+ 55.Kh3 Ng4 56.Kg2 Ne3+ 57.Kh3 Ng4
58.Ng1 Ne3 59.Kh2 Ng4+ 60.Kg2 Ne3+ 61.Kf2 Nd5 62.Ke2 Nc3+ 63.Kd2 Nb1+ 64.Ke1 Ke3
65.Kf1 Ke4 66.Kg2 Nd2 67.Nh3 Nf3 68.Nf2+ Ke3 69.Nd1+ Ke2 70.Nc3+ Ke3 71.Nd5+ Ke2
72.Ne7 Ne1+ 73.Kh3 Nf3 74.g4 Kf2 75.gxh5 gxh5 76.f5 Ng5+ 77.Kh2 Nf3+ 78.Kh1 Kg3
79.Ng6 Nd4 80.f6 Ne6 81.f7 Kg4 82.Kh2 Kf5  1/2-1/2

[Event "2nd Science Park Open A"]
[Site "Amsterdam NED"]
[Date "2012.07.19"]
[Round "6.2"]
[White "Haslinger,S"]
[Black "Van Oosterom,C"]
[Result "1/2-1/2"]
[WhiteElo "2536"]
[BlackElo "2385"]

1.e4 c5 2.Nf3 d6 3.Bb5+ Nd7 4.d4 Nf6 5.O-O a6 6.Bxd7+ Nxd7 7.Nc3 e6 8.Bg5 Be7
9.Bxe7 Qxe7 10.a4 b6 11.Qd3 Bb7 12.Rfd1 Rd8 13.dxc5 dxc5 14.Qd6 Qxd6 15.Rxd6 Ke7
16.Rad1 h6 17.Kf1 b5 18.axb5 axb5 19.Ke2 b4 20.Na4 c4 21.Ke3 g5 22.h3 f5
23.exf5 Bd5 24.Ra6 Ra8 25.Rxa8 Rxa8 26.fxe6 Bxe6 27.b3 Nf6 28.Nb6 Ra3 29.Nd4 cxb3
30.cxb3 Bxb3 31.Nxb3 Rxb3+ 32.Rd3 Rb1 33.Nd5+ Nxd5+ 34.Rxd5 b3 35.Rb5 Kf6
36.g3 h5 37.Kf3 Kg6 38.Rb6+ Kg7 39.Kg2 Kh7 40.Kf3 Kg7 41.Ke4 Rf1 42.Kf5 g4
43.Rb7+ Kh6 44.Rb6+ Kg7 45.hxg4 Rxf2+ 46.Kg5 Rf3 47.Rb7+ Kf8 48.Kxh5 Rxg3
49.g5 Re3 50.Kh6 Rh3+ 51.Kg6 Rf3 52.Rb8+ Ke7 53.Kg7 Kd6 54.g6 Kc5 55.Kh6 Rh3+
56.Kg5 Rg3+ 57.Kf6 Kc4 58.g7 Kc3 59.Rc8+ Kd2 60.Rd8+ Kc1 61.Rc8+ Kd2 62.Rd8+ Kc1
63.g8=Q Rxg8 64.Rxg8 b2 65.Rg1+ Kc2 66.Ke5 b1=Q 67.Rxb1 Kxb1  1/2-1/2

[Event "Turkish Bank Chess League 2012"]
[Site "Konya TUR"]
[Date "2012.07.19"]
[Round "10"]
[White "Muzychuk,M"]
[Black "Can,E"]
[Result "1-0"]
[WhiteElo "2456"]
[BlackElo "2469"]

1.e4 c5 2.Nf3 d6 3.Bb5+ Bd7 4.Bxd7+ Qxd7 5.c4 Nf6 6.Nc3 g6 7.O-O Bg7 8.d4 cxd4
9.Nxd4 O-O 10.f3 Rc8 11.b3 d5 12.exd5 Nxd5 13.Nxd5 e6 14.Bh6 exd5 15.Bxg7 Kxg7
16.cxd5 Rc5 17.Nf5+  1-0

[Event "27th Gniota Memorial"]
[Site "Police POL"]
[Date "2012.07.19"]
[Round "9.7"]
[White "Franzen,Joz"]
[Black "Malisauskas,V"]
[Result "0-1"]
[WhiteElo "2304"]
[BlackElo "2460"]

1.e4 c5 2.Nf3 d6 3.Bb5+ Nd7 4.d4 Nf6 5.Nc3 cxd4 6.Qxd4 a6 7.Bxd7+ Bxd7 8.Bg5 Qa5
9.O-O Bc6 10.Bxf6 gxf6 11.Nd5 Rc8 12.c4 Bg7 13.b4 Qd8 14.Rad1 e6 15.Nc3 O-O
16.Qe3 Qc7 17.Rc1 Rfe8 18.Rfd1 f5 19.exf5 exf5 20.Qf4 Bxf3 21.Qxf3 Qxc4 22.Ne2 Qe4
23.Ng3 Qxf3 24.gxf3 f4 25.Nf5 Bf8 26.Rxc8 Rxc8 27.Rd4 f6 28.Kg2 b5 29.Nxd6 Rc2
30.a3 Rc3 31.Ne4 Rxa3 32.Nxf6+ Kf7 33.Nxh7 Be7 34.h4 Ra4 35.Ng5+ Kg6 36.Ne6 Kf5
37.Nc7 Bxh4 38.Rd5+ Kf6 39.Rd6+ Ke7 40.Rh6 Bg5 41.Rg6 Kd7 42.Nxa6 Be7 43.Nb8+ Kc7
44.Nc6 Bd6 45.Nd4 Rxb4 46.Ne6+ Kd7 47.Ng5 Rd4 48.Ne4 b4 49.Rh6 Rd1 50.Nxd6 Rxd6
51.Rh1 Kc6 52.Rb1 Kb5 53.Kh3 Rg6  0-1

[Event "Turkish Bank Chess League 2012"]
[Site "Konya TUR"]
[Date "2012.07.20"]
[Round "11"]
[White "Odeev,H"]
[Black "Nyzhnyk,I"]
[Result "1/2-1/2"]
[WhiteElo "2382"]
[BlackElo "2599"]

1.e4 c5 2.Nf3 d6 3.Bb5+ Nc6 4.O-O Bd7 5.c3 Nf6 6.Re1 a6 7.Bxc6 Bxc6 8.d4 Bxe4
9.Bg5 Bd5 10.Nbd2 e6 11.c4 Bxf3 12.Qxf3 cxd4 13.Bxf6 gxf6 14.Qxb7 Be7 15.Nf3 Qc8
16.Qe4 f5 17.Qxd4 Rg8 18.b3 Qb7 19.Qd3 h5 20.Rad1 h4 21.h3 Rg6 22.Qe2 O-O-O
23.Kh1 Rdg8 24.Rg1 Rd8 25.Rd3 Bf6 26.Rc1 Rdg8 27.Rxd6 Be7 28.c5 Bxd6 29.cxd6+ Kb8
30.d7 Ka8 31.Qc4 Rb8 32.Rd1 Rd8 33.Rd6  1/2-1/2

[Event "23rd Czech Open A"]
[Site "Pardubice CZE"]
[Date "2012.07.20"]
[Round "1.73"]
[White "Dann,M"]
[Black "Jocys,D"]
[Result "1-0"]
[WhiteElo "2428"]
[BlackElo "2205"]

1.e4 c5 2.Nf3 d6 3.Bb5+ Nd7 4.d4 cxd4 5.Qxd4 Nf6 6.O-O a6 7.Bxd7+ Nxd7 8.Be3 e6
9.Nc3 f6 10.Rad1 Qc7 11.Nd2 Ne5 12.a4 Be7 13.h3 O-O 14.f4 Nc6 15.Qc4 Qd7
16.Bb6 Bd8 17.Qb3 Na5 18.Bxa5 Bxa5 19.Nc4 Bxc3 20.Qxc3 Qc6 21.Rxd6 Qc5+ 22.Qd4 Qxd4+
23.Rxd4 b5 24.Nb6 Ra7 25.Rd6 Rc7 26.c3 bxa4 27.Ra1 e5 28.f5 Bb7 29.Rxa4 Rc6
30.Rxc6 Bxc6 31.Rc4 Bb5 32.Rc7 Bd3 33.Nd7 Rd8 34.Nc5 Bb1 35.b4 Rd2 36.g4 Re2
37.Ne6 Bxe4 38.Rxg7+ Kh8 39.Rf7 h5 40.Rxf6 hxg4 41.Rh6+ Kg8 42.Rg6+ Kh8 43.hxg4 Rc2
44.Ng5 Bd5 45.Rd6 Rg2+ 46.Kf1 Rxg4 47.Rh6+ Kg7 48.Rg6+  1-0

[Event "23rd Czech Open A"]
[Site "Pardubice CZE"]
[Date "2012.07.20"]
[Round "1.34"]
[White "Pfretzschner,R"]
[Black "Khusnutdinov,R"]
[Result "0-1"]
[WhiteElo "2264"]
[BlackElo "2503"]

1.e4 c5 2.Nf3 d6 3.Bb5+ Nc6 4.O-O Bd7 5.c3 Nf6 6.Re1 a6 7.Bxc6 Bxc6 8.d4 Bxe4
9.Bg5 Bd5 10.Nbd2 e6 11.Bxf6 gxf6 12.c4 Bxf3 13.Nxf3 Qd7 14.Qc2 O-O-O 15.Rad1 cxd4
16.Nxd4 Kb8 17.b4 Rc8 18.Qb3 Qc7 19.b5 a5 20.Qa4 Be7 21.Rb1 Bd8 22.b6 Qxc4
23.Qxa5 Qa6 24.Qb4 Be7 25.Rec1 Rc5 26.Rxc5 dxc5 27.Qc3 Rd8 28.Nf3 Rd5 29.h3 Qd3
30.Qb2 c4 31.Qc1 c3 32.Ne1 Qd2 33.Nf3 Qxc1+ 34.Rxc1 Bb4 35.Ne1 Rd2 36.Nc2 Bc5
37.Ne3 Bxe3 38.fxe3 c2  0-1

[Event "Grand Prix FFE Aix 2012"]
[Site "Aix les Bains FRA"]
[Date "2012.07.21"]
[Round "2.4"]
[White "Gharamian,T"]
[Black "Muller,Ann"]
[Result "1-0"]
[WhiteElo "2663"]
[BlackElo "2150"]

1.e4 c5 2.Nf3 d6 3.Bb5+ Bd7 4.Bxd7+ Qxd7 5.c4 Nc6 6.d4 cxd4 7.Nxd4 Nf6 8.Nc3 g6
9.Nde2 Bg7 10.f3 O-O 11.O-O Ne5 12.b3 Rac8 13.Bg5 a6 14.a4 Qd8 15.Kh1 Qa5
16.Qd2 Rfe8 17.Rfd1 Nfd7 18.Rab1 Nc6 19.Bh4 Qh5 20.Qe1 Bf6 21.Bg3 Bg7 22.Nd5 Nf6
23.Nef4 Qg5 24.Bh4 Qe5 25.Nd3 Qh5 26.g4 Qh6 27.g5 Qh5 28.gxf6 Qxf3+ 29.Kg1 exf6
30.Qf2 Qg4+ 31.Qg3 Qxg3+ 32.Bxg3 Rxe4 33.Re1 Rce8 34.Bxd6 Nd4 35.Ne7+ R4xe7
36.Rxe7 Rxe7 37.Bxe7  1-0

[Event "30th Andorra Open"]
[Site "Andorra la Vella AND"]
[Date "2012.07.21"]
[Round "1.7"]
[White "Raghavi,N"]
[Black "Illescas Cordoba,M"]
[Result "0-1"]
[WhiteElo "2038"]
[BlackElo "2601"]

1.e4 c5 2.Nf3 d6 3.Bb5+ Nc6 4.O-O Bd7 5.Re1 Nf6 6.c3 a6 7.Bf1 Bg4 8.d3 e6
9.Nbd2 Be7 10.h3 Bh5 11.Qe2 d5 12.g3 O-O 13.Bg2 Nd7 14.Nf1 Re8 15.exd5 exd5
16.g4 Bg6 17.Bf4 Nf8 18.Bg3 Ne6 19.Ne5 Bd6 20.Nxg6 Bxg3 21.fxg3 hxg6 22.Rad1 d4
23.c4 Qc7 24.Kh2 Re7 25.Qf2 Rae8 26.Nd2 Nb4 27.Ne4 Nxa2 28.h4 Nb4 29.h5 gxh5
30.gxh5 Qe5 31.Bf3 Ng5 32.Kg2 Nxf3 33.Qxf3 Nc2 34.Re2 Ne3+ 35.Rxe3 dxe3 36.Nc3 Re6
37.Qe2 Rf6 38.Ne4 Rb6 39.Nc3 Ree6 40.Rf1 Rf6 41.Rxf6 Qxf6 42.Nd1 Qd4 43.Kf3 Qf6+
44.Kg2 Qe5 45.Nxe3 Qd4 46.Nd1 Rd6  0-1

[Event "16th Battle of Senta Open A"]
[Site "Senta SRB"]
[Date "2012.07.21"]
[Round "9.9"]
[White "Lukovic,V"]
[Black "Strugnell,C"]
[Result "1/2-1/2"]
[WhiteElo "2329"]
[BlackElo "2234"]

1.e4 c5 2.Nf3 d6 3.Bb5+ Nc6 4.Bxc6+ bxc6 5.O-O Bg4 6.h3 Bh5 7.e5 dxe5 8.g4 e4
9.gxh5 exf3 10.Nc3 Qd7 11.Qxf3 Nh6 12.d3 Nf5 13.Be3 Nd4 14.Bxd4 cxd4 15.Ne2 Rd8
16.Qe4 g6 17.f4 Bh6 18.f5 Be3+ 19.Kh2 Qd6+ 20.Kh1 g5 21.f6 Qd5 22.Ng3 e6
23.Qf3 Qxf3+ 24.Rxf3 Rd5 25.Ne4 Rg8 26.c4 Re5 27.Rg3 Kd7 28.Kg2 Bf4 29.Rf3 Rf5
30.Raf1 Ra5 31.Ra1 Rf5 32.Rg1 Be3 33.Rgf1 Ra5 34.Ra1 g4 35.hxg4 Rxg4+ 36.Rg3 Rxg3+
37.Kxg3 Rxh5 38.b4 Rf5 39.a4 Bf4+ 40.Kg2 Bg5 41.Rh1 Bxf6 42.Rxh7 Be7 43.b5 cxb5
44.axb5 Kc7 45.Rh8 Kb7 46.Re8 Bb4 47.Rd8 a6 48.bxa6+ Kxa6 49.Rxd4 Kb6 50.Rd8 Kc6
51.Rc8+ Kd7 52.Rb8 Bd6 53.Rb7+ Kc6 54.Ra7 Bb4 55.Ra4 Be7  1/2-1/2

[Event "2nd Science Park Open A"]
[Site "Amsterdam NED"]
[Date "2012.07.22"]
[Round "9.12"]
[White "De Rover,YH"]
[Black "Bezemer,A"]
[Result "1-0"]
[WhiteElo "2287"]
[BlackElo "2346"]

1.e4 c5 2.Nf3 d6 3.Bb5+ Nd7 4.d4 cxd4 5.Qxd4 e5 6.Qd3 a6 7.Bxd7+ Bxd7 8.Bg5 Qc7
9.Nc3 Rc8 10.Rc1 h6 11.Nd5 Qc4 12.Qxc4 Rxc4 13.Nd2 Rc6 14.Bh4 Be7 15.Bxe7 Nxe7
16.Ne3 Be6 17.c4 d5 18.exd5 Nxd5 19.Nxd5 Bxd5 20.O-O Be6 21.Rfe1 f6 22.b3 Ke7
23.Kf1 Rhc8 24.Rcd1 b5 25.f4 exf4 26.Nf3 Rc5 27.b4 Rh5 28.c5 Kf7 29.Rd6 Bc4+
30.Kf2 Rd5 31.Rxa6 g5 32.Ree6 Rf5 33.Red6 Re8 34.Nd4 g4 35.h3 g3+ 36.Kf3 Be2+
37.Nxe2 Re3+ 38.Kg4 Rg5+ 39.Kxf4 Rxe2 40.Rxf6+ Kg7 41.Rxh6  1-0

[Event "Caissa GM July 2012"]
[Site "Kecskemet HUN"]
[Date "2012.07.22"]
[Round "2.3"]
[White "Borosova,Z"]
[Black "Antal,T"]
[Result "0-1"]
[WhiteElo "2291"]
[BlackElo "2356"]

1.e4 c5 2.Nf3 d6 3.Bb5+ Nc6 4.Bxc6+ bxc6 5.O-O Bg4 6.h3 Bh5 7.e5 d5 8.d3 e6
9.Re1 h6 10.b3 f5 11.Ba3 Qa5 12.Qd2 Qa6 13.Qe3 d4 14.Qe2 O-O-O 15.Bb2 Ne7
16.Nbd2 Nd5 17.Nf1 g5 18.Ng3 Bf7 19.Bc1 Be7 20.Nh2 h5 21.Kh1 h4 22.Ngf1 Bh5
23.f3 Rdg8 24.Bd2 Rh7 25.Rac1 Rhg7 26.a4 Qb6 27.Qf2 Qc7 28.Re2 Rf7 29.Qg1 f4
30.c3 Ne3 31.cxd4 cxd4 32.Nxe3 fxe3 33.Be1 Kb7 34.Rec2 Rc8 35.b4 Qxe5 36.b5 c5
37.a5 Bd6 38.a6+ Ka8 39.Ba5 Rcf8 40.b6 Qd5 41.b7+ Kb8 42.Bb4 Rc7 43.Ba3 Rf5
44.Rc4 e2 45.Re1 Re5 46.Rcc1 Re3 47.Ra1 Bg3 48.Bc1 Re5 49.Ra5 Bxe1 50.Qxe1 Qb3
51.Bd2 Qxd3  0-1

[Event "23rd Czech Open A"]
[Site "Pardubice CZE"]
[Date "2012.07.22"]
[Round "3.60"]
[White "Olsarova,K"]
[Black "Dann,M"]
[Result "1/2-1/2"]
[WhiteElo "2256"]
[BlackElo "2428"]

1.e4 c5 2.Nf3 d6 3.Bb5+ Bd7 4.Bxd7+ Qxd7 5.c4 Nf6 6.Nc3 g6 7.d4 cxd4 8.Nxd4 Bg7
9.f3 O-O 10.Be3 Nc6 11.O-O a6 12.a4 e6 13.Nde2 Qc7 14.Rc1 Nd7 15.b3 Nc5 16.Bf2 Rfd8
17.Kh1 Rac8 18.Bh4 Rd7 19.Qc2 Qb6 20.Rb1 Nb4 21.Qd2 Ncd3 22.Nc1 Nxc1 23.Rbxc1 Nc6
24.Rb1 Qa5 25.Be1 Qh5 26.Bf2 Qa5 27.Be1 Rcd8 28.Qc1 Qe5 29.f4 Qd4 30.Rf3 f5
31.Bf2 Qf6 32.Qe1 fxe4 33.Bh4 Qf5 34.Qxe4 Re8 35.Rd1 Bxc3 36.Qxf5 exf5 37.Rxc3 Re4
38.Bg3 Kf7 39.Rcd3 Ke6 40.Kg1 Nb4 41.R3d2 Re3 42.Re1 Rxe1+ 43.Bxe1 Nc6 44.Re2+ Kf7
45.Bc3 d5 46.cxd5 Rxd5 47.Kf2 Rd3 48.Re3 Rxe3 49.Kxe3 b5 50.axb5 axb5 51.Kf3 Ke6
52.Kg3 Nd8 53.Kh4 Nf7 54.Ba5 Kd5 55.h3 Ke4 56.Bc7 Kd3 57.b4 Kc4 58.Ba5 Kd5
59.Bc7 Ke4 60.g4 Kd5 61.gxf5 gxf5 62.Kh5 Kc6 63.Ba5 Kd7 64.Bb6 Ke7 65.Bc5+ Ke8
66.Kh4 Kd7  1/2-1/2

[Event "TCh-CRC Premier 2012"]
[Site "San Jose CRC"]
[Date "2012.07.22"]
[Round "2.4"]
[White "Acevedo Mendez,Lisseth"]
[Black "Murillo,Alex"]
[Result "0-1"]
[WhiteElo "1882"]
[BlackElo "2276"]

1.e4 c5 2.Nf3 d6 3.Bb5+ Bd7 4.Bxd7+ Qxd7 5.d4 cxd4 6.Nxd4 Nf6 7.Nc3 e6 8.O-O Be7
9.Be3 Nc6 10.f4 Rd8 11.Qe2 h5 12.h3 h4 13.Rad1 d5 14.Nb3 Qc8 15.e5 Nh5 16.Qg4 g6
17.Bf2 Ng7 18.Nb5 a6 19.N5d4 Nxd4 20.Nxd4 Kf8 21.c3 Nf5 22.Nxf5 gxf5 23.Qe2 Qc6
24.Rd3 Rc8 25.a3 Qb5 26.Re1 Ke8 27.Kh2 Rc4 28.Rd4 Rc5 29.Rd3 Rc8 30.g4 hxg3+
31.Rxg3 Qa4 32.Qd2 Rc4 33.Rf3 Re4 34.Rg1 Qb5 35.Be3 Bc5 36.Bxc5 Re2+ 37.Qxe2 Qxe2+
38.Rf2 Qc4 39.Bd4 Kd7 40.Rg7 Kc6 41.Rf3 Qe2+ 42.Rf2 Qe4 43.Rg3 a5 44.b4 a4
45.b5+ Kxb5 46.Rb2+ Kc6 47.Be3 b5 48.Rd2 Rh7 49.Rd4 Qc2+ 50.Bd2 Qb2 51.Rg8 Qxa3
52.Rc8+ Kd7 53.Rb8 Qb2 54.Ra8 a3  0-1

[Event "Corporation Centre Cup A"]
[Site "Izhevsk RUS"]
[Date "2012.07.23"]
[Round "8"]
[White "Shaposhnikov,E"]
[Black "Kokarev,Dm"]
[Result "1/2-1/2"]
[WhiteElo "2545"]
[BlackElo "2616"]

1.e4 c5 2.Nf3 d6 3.Bb5+ Nd7 4.O-O a6 5.Bxd7+ Bxd7 6.d4 cxd4 7.Qxd4 e5 8.Qd3 h6
9.c4 b5 10.Nc3 bxc4 11.Qxc4 Nf6 12.Be3 Be7 13.Qd3 Be6 14.Rfd1 O-O 15.Nd2 Qc7
16.Rac1 Qb7 17.Nc4 Bxc4 18.Qxc4 Rac8 19.Qe2 Nxe4 20.Nd5 Rxc1 21.Bxc1 f5 22.Nxe7+ Qxe7
23.Qxa6 Qc7 24.Qd3 Qb6 25.Qe2 Rc8 26.Be3 Qa5 27.f3 Nf6 28.Rxd6 f4 29.Bf2 Qxa2
30.Qxe5 Re8 31.Qd4 Qb1+ 32.Qd1 Qxb2 33.Rd2 Qe5 34.h3 Qf5 35.Rd8 Rxd8 36.Qxd8+ Kf7
37.Qc7+ Kg8 38.Qd8+ Kf7 39.Qc7+ Kg8 40.Qd8+ Kf7  1/2-1/2

[Event "23rd Czech Open A"]
[Site "Pardubice CZE"]
[Date "2012.07.23"]
[Round "4.18"]
[White "Velicka,P"]
[Black "Gretarsson,Hj"]
[Result "1/2-1/2"]
[WhiteElo "2462"]
[BlackElo "2507"]

1.e4 c5 2.Nf3 d6 3.Bb5+ Nc6 4.Bxc6+ bxc6 5.O-O Bg4 6.d3 e6 7.Nbd2 d5 8.h3 Bh5
9.b3 Be7 10.Bb2 Bf6 11.Bxf6 Nxf6 12.Re1 Nd7 13.Qc1 O-O 14.Nh2 Qb6 15.f4 f6
16.Kh1 Rad8 17.Ndf1 e5 18.Ng3 Bf7 19.fxe5 Nxe5 20.Qe3 Rfe8 21.Qg1 Bg6 22.Rad1 Qb4
23.Rc1 a5 24.a4 h6 25.Qf2 Qd4 26.Qxd4 cxd4 27.Kg1 Kf7 28.Kf2 c5 29.exd5 Rxd5
30.Nf3 Rdd8  1/2-1/2

[Event "30th Andorra Open"]
[Site "Erts-La Massana AND"]
[Date "2012.07.24"]
[Round "4.11"]
[White "Szabo,Krisz1"]
[Black "Jerez Perez,A"]
[Result "1/2-1/2"]
[WhiteElo "2548"]
[BlackElo "2407"]

1.e4 c5 2.Nf3 d6 3.Bb5+ Bd7 4.Bxd7+ Qxd7 5.c4 e5 6.Nc3 Nf6 7.d3 Be7 8.O-O O-O
9.Ne1 Nc6 10.f4 exf4 11.Bxf4 Rfe8 12.Nc2 a6 13.Ne3 Nd4 14.Ned5 Nxd5 15.Nxd5 Bd8
16.Be3 Nc6 17.Qf3 Re6 18.Qh3 b5 19.b3 Rb8 20.Nf4 Re7 21.Nd5 Re6 22.Rf2 Rb7
23.Raf1 Qe8 24.Bd2 bxc4 25.bxc4 Nb4 26.Bc3 Bg5 27.Rf5 h6 28.Nxb4 cxb4 29.Bd4 Bd2
30.R5f2 Bc3 31.Qe3 Bxd4 32.Qxd4  1/2-1/2

[Event "23rd Czech Open A"]
[Site "Pardubice CZE"]
[Date "2012.07.24"]
[Round "5.16"]
[White "Jaracz,P"]
[Black "Bernasek,J"]
[Result "1/2-1/2"]
[WhiteElo "2530"]
[BlackElo "2487"]

1.e4 c5 2.Nf3 d6 3.Bb5+ Nd7 4.d4 cxd4 5.Qxd4 a6 6.Bxd7+ Bxd7 7.O-O Nf6 8.Bg5 e6
9.Nbd2 Rc8 10.Rfd1 Bb5 11.c4 Bc6 12.a4 a5 13.Bxf6 Qxf6 14.Qxf6  1/2-1/2

[Event "23rd Czech Open A"]
[Site "Pardubice CZE"]
[Date "2012.07.24"]
[Round "5.55"]
[White "Varitski,I"]
[Black "Kislik,E"]
[Result "1/2-1/2"]
[WhiteElo "2286"]
[BlackElo "2408"]

1.e4 c5 2.Nf3 d6 3.Bb5+ Bd7 4.Bxd7+ Qxd7 5.c4 Nf6 6.Nc3 Nc6 7.d4 cxd4 8.Nxd4 g6
9.f3 Bg7 10.Be3 O-O 11.O-O a6 12.a4 Rac8 13.b3 Qc7 14.Qd2 e6 15.Rfd1 Rfd8
16.Rac1 Qa5 17.Nde2 Qb4 18.Rb1 Rd7 19.Na2 Qa3 20.Nec3 Nb4 21.Nxb4 Qxb4 22.Nd5 Qxd2
23.Nxf6+ Bxf6 24.Rxd2 Bc3  1/2-1/2